| 000 | 01574cam a2200361 a 4500 | ||
|---|---|---|---|
| 001 | 4927139 | ||
| 003 | NUST-PNEC | ||
| 005 | 20170116180706.0 | ||
| 008 | 951012s1996 nyua 000 0 eng | ||
| 010 | _a 95045662 | ||
| 020 | _a0070072477 | ||
| 040 |
_aDLC _cPNEC |
||
| 050 | 0 | 0 |
_aTC160 _b.B9123 1996 |
| 082 | 0 | 0 |
_a627 BRA _220 |
| 100 | 1 |
_aBrater, Ernest F. _q(Ernest Frederick), _d1912-2003. |
|
| 245 | 1 | 0 |
_aHandbook of hydraulics for the solution of hydraulic engineering problems / _cErnest F. Brater, Horace Williams King ; James E. Lindell, editor in chief ; C.Y. Wei, coeditor. |
| 246 | 3 | 0 | _aHandbook of hydraulics |
| 250 | _a7th ed. | ||
| 260 |
_aNew York : _bMcGraw-Hill, _cc1996. |
||
| 300 |
_a1 v. (various pagings) : _bill. ; _c20 cm. |
||
| 500 | _aIncludes Index http://www.amazon.com/Handbook-Hydraulics-Ernest-Brater/dp/0070072477/ref=sr_1_1?s=books&ie=UTF8&qid=1411632304&sr=1-1&keywords=0070072477 | ||
| 650 | 0 | _aHydraulics. | |
| 650 | 0 |
_aHydraulic engineering. _xME |
|
| 650 | 0 | _aMetric system. | |
| 700 | 1 |
_aKing, Horace Williams, _d1874-1951. |
|
| 700 | 1 | _aLindell, James E. | |
| 700 | 1 | _aWei, C. Y. | |
| 856 | 4 | 2 |
_3Publisher description _uhttp://www.loc.gov/catdir/description/mh022/95045662.html |
| 856 | 4 | 1 |
_3Table of contents _uhttp://www.loc.gov/catdir/toc/mh022/95045662.html |
| 906 |
_a7 _bcbc _corignew _d1 _eocip _f19 _gy-gencatlg |
||
| 942 |
_2ddc _cBK |
||
| 999 |
_c60744 _d60744 |
||